00412 2200157 4500001002100000008004100021035002000062245004800082100002100130260002500151300002200176020002200198084001400220082000800234990001200242INLIS000000000002769 IND  a0010-0925000116 aAir Mata Suci Sang MualafcEidelweis Almira aEidelweis Almira aJakartabZettuc2013 a300c(14 x 21 cm) a978-602-7999-56-5 a813 EID a a813 a0754991